000 00292nam a22001337a 4500
008 170919b xxu||||| |||| 00| 0 eng d
020 _a9780030576386
041 _aeng
080 _a7
100 _a44
101 _aART
245 _aMAINSTREAMS OF MODERN ART
_cCANADAY,J
942 _2udc
_cBK
999 _c28315
_d28315